| Tag |
First Indicator |
Second Indicator |
Subfields |
| LEADER |
00000pam a2200000 a 4500 |
| 001 |
in00001521253 |
| 005 |
20151021165808.0 |
| 008 |
000211s1994 flua b 001 0 eng |
| 010 |
|
|
|a 93028150
|
| 015 |
|
|
|a GB94-45616
|
| 019 |
|
|
|a 30779699
|
| 020 |
|
|
|a 084938978X
|
| 035 |
|
|
|a (OCoLC)28377333
|
| 040 |
|
|
|a DLC
|c DLC
|d YDX
|d UKM
|d UtOrBLW
|
| 049 |
|
|
|a TXAM
|
| 050 |
0 |
0 |
|a TA748
|b .P46 1994
|
| 082 |
0 |
0 |
|a 624.1/52
|2 20
|
| 100 |
1 |
|
|a Persson, Per-Anders.
|
| 245 |
1 |
0 |
|a Rock blasting and explosives engineering /
|c Per-Anders Persson, Roger Holmberg, Jaimin Lee.
|
| 264 |
|
1 |
|a Boca Raton, Fla. :
|b CRC Press,
|c [1994]
|
| 264 |
|
4 |
|c ©1994
|
| 300 |
|
|
|a xvi, 540 pages :
|b illustrations ;
|c 26 cm.
|
| 336 |
|
|
|a text
|b txt
|2 rdacontent
|
| 337 |
|
|
|a unmediated
|b n
|2 rdamedia
|
| 338 |
|
|
|a volume
|b nc
|2 rdacarrier
|
| 504 |
|
|
|a Includes bibliographical references (pages 491-504) and indexes.
|
| 650 |
|
0 |
|a Blasting.
|
| 650 |
|
0 |
|a Rock excavation.
|
| 700 |
1 |
|
|a Holmberg, Roger.
|
| 700 |
1 |
|
|a Lee, Jaimin.
|
| 948 |
|
|
|a cataloged
|b h
|c 2000/4/13
|d c
|e jspillan
|f 10:45:06 am
|
| 994 |
|
|
|a E0
|b TXA
|
| 999 |
|
|
|a MARS
|
| 999 |
f |
f |
|s ce264435-85e4-3178-b54c-2565b3cb2520
|i bf20b38f-185d-3929-8a57-2cbf9ed87bd6
|t 0
|
| 952 |
f |
f |
|p normal
|a Texas A&M University
|b College Station
|c Sterling C. Evans Library
|d Evans: Library Stacks
|t 0
|e TA748 .P46 1994
|h Library of Congress classification
|i unmediated -- volume
|m A14825868705
|
| 998 |
f |
f |
|a TA748 .P46 1994
|t 0
|l Evans: Library Stacks
|